00384nam a2200181Ia 4500003000900000008004100009040001300050040001300063041000800076100001800084245003100102250000900133260002400142260000900166300001100175300001000186490000600196IT-RoPAU120407s9999 xx 000 0 und d aIT-RoPAU cIT-RoPAU aita aAngelo Perego aL’etica della situazione aRoma aCiviltà Cattolica c1958 a186 p. c19 cm v1